[Event "NCC-chB"]
[Site "Cyprus"]
[Date "2007.12.02"]
[Round "4"]
[White "Evdokiou, Neofytos"]
[Black "Tamang Thing, Jibon"]
[Result "1-0"]
[WhiteElo "1729"]
[BlackElo "1772"]
[PlyCount "39"]
[EventDate "2007.11.24"]
[EventType "swiss"]
[EventRounds "7"]
[EventCountry "CYP"]
[SourceTitle "EXT 2024"]
[Source "ChessBase"]
[SourceDate "2023.10.10"]
[SourceVersion "1"]
[SourceVersionDate "2023.10.10"]
[SourceQuality "1"]

1. e4 e5 2. Nc3 Nf6 3. Bc4 d6 4. d4 Nc6 5. d5 Nd4 6. Be3 g6 7. Bxd4 exd4 8. Qxd4 Bg7 9. 0-0-0 0-0 10. h3 Ng4 11. Qd2 Bh6 12. f4 Ne5 13. Bb3 a5 14. Qf2 Bd7 15. a3 a4 16. Ba2 c6 17. Kb1 Qf6 18. Rf1 b5 19. fxe5 Qxe5 20. Nf3 1-0